Les provinces de l'Équateur - avec carte - Statistiques

Statistiques générales
  • Ce quiz a été pris 68 fois
  • Le résultat moyen est 12 sur 24
Réponses sur la Carte
Les réponses sont colorées sur une échelle allant du rouge au vert en fonction du pourcentage des utilisateurs qui les ont devinées à leur premier essai. Vous pouvez retrouver ces pourcentages ci-dessous.
 
Statistiques - réponses
réponse % Correct
Galápagos
81%
El Oro
74%
Esmeraldas
70%
Loja
59%
Guayas
56%
Chimborazo
52%
Los Rios
52%
Manabi
52%
Napo
52%
Santa Elena
52%
Cañar
48%
Orellana
48%
Zamora-Chinchipe
48%
Azuay
44%
Carchi
44%
Cotopaxi
44%
Morona-Santiago
44%
Pichincha
44%
Bolívar
41%
Imbabura
37%
Pastaza
37%
Santo Domingo de los Tsáchilas
37%
Sucumbíos
37%
Tunguraha
11%
Aucun quiz correspondant
Distribution des résultats
% des personnes avec chaque résultat
Percentile par nombre de réponses
Votre historique - résultats
Vous n’avez pas pris ce quiz